| 000 | 00405ntaaa2200169 4500 | ||
|---|---|---|---|
| 003 | 01 | ||
| 005 | 20251027202808.0 | ||
| 008 | 0714s1973 ag 01 | ||
| 040 |
_aAR-BaBN _bspa _cAR-BaBN _eaacr _dRIC |
||
| 082 | _a867.0000 R57L | ||
| 245 | _aLecturas amenas | ||
| 250 | _a1 ed. | ||
| 260 |
_aEl Paso : _bCasa Bautista de Publicaciones, _cs.f. |
||
| 300 | _a31 p | ||
| 700 | _aRobleto, Adolfo | ||
| 942 | _cBK | ||
| 999 |
_c23290 _d23290 |
||